00815cam a2200253 i 45000010009000000050017000090080041000260200019000670400028000860820021001141000019001351000014001542450075001682600063002432600059003063000015003656500010003806500025003906500015004156500019004309420006004499520091004559990015005461928128420250206054018.0160921s2015 ce b 000 0 eng  a9789558695081  aDLCbengerdacDLCdDLC 26918a305.4bWIJ1 aWijewardene, S1 aSamuel, K10a3D Things:bDevices, Technologies, and Women's Organising in Sri Lanka aBatticaloabSuriya Women's Development Centre (SWDC)c2015 aColombobInternational Centre for Ethnic Studiesc2015 av, 160 p., 0aWomen 0aWomen in development 0aTechnology 0aWomen's rights cL 001040708LaWERCLbWERCLd2025-02-06l0o305.4 WIJp6918r2025-02-06w2025-02-06yL c5975d5975